| 000 | 00488nam a2200169Ia 4500 | ||
|---|---|---|---|
| 003 | GCL | ||
| 008 | 140319s9999 xx 000 0 ara d | ||
| 040 |
_aGCL / _cGCL |
||
| 082 | 0 | 4 |
_a228 _bش م |
| 100 | 1 | _aشعبان محمد اسماعيل | |
| 245 | 1 | 0 |
_aملخص احكام التجويد / _cشعبان محمد اسماعيل |
| 260 |
_a[S.N] : _bدار المريخ للنشر ، _c1979 |
||
| 490 | _a | ||
| 650 | 0 | 4 | _aالتجويد |
| 650 | 0 | 4 | _aالقران |
| 942 |
_2ddc _cBK |
||
| 999 |
_c45225 _d45225 |
||